LEADER 00954nam a2200217 i 4500 001 000000198106 003 CaOOAMICUS 005 20211102105951.0 008 110225n it u000 u ita u 013 $a176794 040 $aSeMil$bita 245 00$aCommemorando il 50° di fondazione :$bOratorio Maschile "Immacolata" S. Biagio, Monza : 1882-1932. 264 1$a[S.l. :$bs.n.],$c[1932]$e(Monza :$fSocietà anonima tipografica sociale ,$g[1932]) 300 $a40 p. :$briccamente ill. ;$c30 cm. 650 4$aMonza - Chiese - San Biagio.$0(OLS)http://semarc/subject/45959 850 $aSeMil 852 $aSeMil$W1$xVenegono$y1$m5D X 11/5$j148662$B148662$CSeMilBibl$Z2$F160050 $81 961 $aOmaggio: Altro 996 $6245$aCommemorando il 50° di fondazione :$bOratorio Maschile "Immacolata" S. Biagio, Monza : 1882-1932$9(OLS)http://semarc/title/286178 996 $6264$a[S.l. :$bs.n.]$9(OLS)http://semarc/publisher/29751 LEADER 01085nam a2200229 i 4500 001 000000131583 003 CaOOAMICUS 005 20250708105443.0 008 041122s1909 it u000 u ita u 040 $aSeMil$bita 100 1 $aRivetti, Luigi.$0(OLS)http://semarc/name/41517 245 13$aLa Biblioteca Morcelliana :$bcon indice descrittivo dei codici e dei manoscritti /$cD. Luigi Rivetti. 260 $aForlì :$bLuigi Bordandini,$c1909. 300 $a31 p. ;$c28 cm. 500 $aEstratto dal volume 14. degli Inventari dei manoscritti delle Biblioteche d'Italia 650 4$aChiari - Biblioteca Morcelliana.$0(OLS)http://semarc/subject/6454 850 $aSeMil 852 $aSeMil$W1$xVenegono$y1$m5D XI 28/18$j270643$B85560$CSeMilBibl$Z2$F89283 $8M 961 $aCon dedica autografa dell'Autore a S.E. il Card. Ferrari. 996 $6245$aLa Biblioteca Morcelliana :$bcon indice descrittivo dei codici e dei manoscritti$9(OLS)http://semarc/title/193489 996 $6260$aForlì :$bLuigi Bordandini$9(OLS)http://semarc/publisher/46686